<?xml version="1.0" encoding="UTF-8"?>
<record
    xmlns:xsi="http://www.w3.org/2001/XMLSchema-instance"
    xsi:schemaLocation="http://www.loc.gov/MARC21/slim http://www.loc.gov/standards/marcxml/schema/MARC21slim.xsd"
    xmlns="http://www.loc.gov/MARC21/slim">

  <leader>00816cam a22002777a 4500</leader>
  <datafield tag="999" ind1=" " ind2=" ">
    <subfield code="c">329540</subfield>
    <subfield code="d">329540</subfield>
  </datafield>
  <controlfield tag="001">12518210</controlfield>
  <controlfield tag="003">NUST</controlfield>
  <controlfield tag="005">20170615130035.0</controlfield>
  <controlfield tag="008">010607s2001    pk            000 0 urd  </controlfield>
  <datafield tag="010" ind1=" " ind2=" ">
    <subfield code="a">  2001289567</subfield>
  </datafield>
  <datafield tag="020" ind1=" " ind2=" ">
    <subfield code="a">9693512065</subfield>
  </datafield>
  <datafield tag="025" ind1=" " ind2=" ">
    <subfield code="a">P-U-2001289567; 06; 05</subfield>
  </datafield>
  <datafield tag="035" ind1=" " ind2=" ">
    <subfield code="a">(DLC)  200128956</subfield>
  </datafield>
  <datafield tag="040" ind1=" " ind2=" ">
    <subfield code="a">DLC</subfield>
    <subfield code="c">DLC</subfield>
    <subfield code="d">DLC</subfield>
  </datafield>
  <datafield tag="042" ind1=" " ind2=" ">
    <subfield code="a">lcode</subfield>
  </datafield>
  <datafield tag="050" ind1="0" ind2="0">
    <subfield code="a">MLCSA 2001/01851 (P)</subfield>
  </datafield>
  <datafield tag="082" ind1=" " ind2=" ">
    <subfield code="a">891.4392</subfield>
    <subfield code="b">AHM</subfield>
  </datafield>
  <datafield tag="100" ind1="0" ind2=" ">
    <subfield code="a">Ashf&#x101;q A&#x1E25;mad,</subfield>
    <subfield code="d">1925-2004.</subfield>
    <subfield code="9">639</subfield>
  </datafield>
  <datafield tag="245" ind1="1" ind2="0">
    <subfield code="a">Guld&#x101;n </subfield>
    <subfield code="b">Talq&#x12B;n Sh&#x101;h /</subfield>
    <subfield code="c">Ashf&#x101;q A&#x1E25;mad.</subfield>
  </datafield>
  <datafield tag="260" ind1=" " ind2=" ">
    <subfield code="a">L&#x101;hore :</subfield>
    <subfield code="b">Sang-i M&#x12B;l Pabl&#x12B;keshanz,</subfield>
    <subfield code="c">2001.</subfield>
  </datafield>
  <datafield tag="300" ind1=" " ind2=" ">
    <subfield code="a">328 p. ;</subfield>
    <subfield code="c">22 cm.</subfield>
  </datafield>
  <datafield tag="500" ind1=" " ind2=" ">
    <subfield code="a">Play.</subfield>
  </datafield>
  <datafield tag="546" ind1=" " ind2=" ">
    <subfield code="a">In Urdu.</subfield>
  </datafield>
  <datafield tag="880" ind1=" " ind2=" ">
    <subfield code="6">100-01\(3\r</subfield>
    <subfield code="a">&#x627;&#x634;&#x641;&#x627;&#x642; &#x627;&#x62D;&#x645;&#x62F;</subfield>
  </datafield>
  <datafield tag="880" ind1=" " ind2=" ">
    <subfield code="6">245-02\(3\r</subfield>
    <subfield code="a">&#x6AF;&#x644;&#x62F;&#x627;&#x646; </subfield>
    <subfield code="b">&#x62A;&#x644;&#x642;&#x6CC;&#x646; &#x634;&#x627;&#x6C1;</subfield>
    <subfield code="c">&#x627;&#x634;&#x641;&#x627;&#x642; &#x627;&#x62D;&#x645;&#x62F;</subfield>
  </datafield>
  <datafield tag="880" ind1=" " ind2=" ">
    <subfield code="6">260-03\(3\r</subfield>
    <subfield code="a">&#x644;&#x627;&#x6C1;&#x648;&#x631;:</subfield>
    <subfield code="b">&#x633;&#x646;&#x6AF; &#x645;&#x6CC;&#x644; &#x67E;&#x628;&#x644;&#x6CC; &#x6A9;&#x6CC;&#x634;&#x646;&#x632;&#x60C;</subfield>
    <subfield code="c">2007</subfield>
  </datafield>
  <datafield tag="906" ind1=" " ind2=" ">
    <subfield code="a">7</subfield>
    <subfield code="b">cbc</subfield>
    <subfield code="c">origode</subfield>
    <subfield code="d">3</subfield>
    <subfield code="e">ncip</subfield>
    <subfield code="f">20</subfield>
    <subfield code="g">y-gencatlg</subfield>
  </datafield>
  <datafield tag="942" ind1=" " ind2=" ">
    <subfield code="2">ddc</subfield>
    <subfield code="c">BK</subfield>
  </datafield>
  <datafield tag="952" ind1=" " ind2=" ">
    <subfield code="0">0</subfield>
    <subfield code="1">0</subfield>
    <subfield code="2">ddc</subfield>
    <subfield code="4">0</subfield>
    <subfield code="7">0</subfield>
    <subfield code="a">CL</subfield>
    <subfield code="b">CL</subfield>
    <subfield code="c">FIC</subfield>
    <subfield code="d">2017-05-12</subfield>
    <subfield code="l">1</subfield>
    <subfield code="o">891.4392 AHM</subfield>
    <subfield code="p">CL1788/1</subfield>
    <subfield code="r">2025-04-29</subfield>
    <subfield code="s">2023-05-26</subfield>
    <subfield code="t">1</subfield>
    <subfield code="w">2017-05-12</subfield>
    <subfield code="y">BK</subfield>
  </datafield>
</record>
